Normal view
MARC view
Entry Personal Name
001 - CONTROL NUMBER
- control field: 15175
003 - CONTROL NUMBER IDENTIFIER
- control field: OSt
005 - DATE AND TIME OF LATEST TRANSACTION
- control field: 20211029122958.0
008 - FIXED-LENGTH DATA ELEMENTS
- fixed length control field: 211029|| aca||aabn | a|a d
040 ## - CATALOGING SOURCE
- Original cataloging agency: OSt
- Transcribing agency: OSt
100 ## - HEADING--PERSONAL NAME
- Personal name: Wong M. H.;
670 ## - SOURCE DATA FOUND
- Source citation: Work cat.: (OSt)0: Wong M. H.;, Wetlands ecosystems in Asia., 2004.
